| 000 | 00362nam a2200145Ia 4500 | ||
|---|---|---|---|
| 008 | 230917s9999||||xx |||||||||||||| ||und|| | ||
| 040 |
_e216564 _aMAIN |
||
| 041 | _aEnglish | ||
| 082 | _a809.89287 S73P | ||
| 100 | _aSarkar, Dipti | ||
| 245 | 0 | _aPost colonial women writers | |
| 260 |
_aJaipur _bRitu Publications _c2014 |
||
| 300 | _avi, 264 p. | ||
| 942 | _cBK | ||
| 999 |
_c177175 _d177175 |
||